Bioinformatics for everyone /

Bibliographic Details
Main Author: Sofi, Mohammad Yaseen
Corporate Author: ProQuest (Firm)
Other Authors: Shafi, Afshana, Masoodi, Khalid Z.
Format: eBook
Language:English
Published: London : Academic Press, [2022]
Subjects:
Online Access:Connect to the full text of this electronic book

MARC

Tag First Indicator Second Indicator Subfields
LEADER 00000nam a2200000 a 4500
001 in00004565713
003 OCoLC
005 20220417144339.0
006 m o d
007 cr |n|||||||||
008 210917s2022 enk o 000 0 eng d
024 8 |a 99990554194 
040 |a YDX  |b eng  |e pn  |c YDX  |d OPELS  |d OCLCO  |d OCLCF  |d RDF  |d N$T  |d OCLCO  |d OCLCQ 
020 |a 9780323911290  |q (electronic bk.) 
020 |a 0323911293  |q (electronic bk.) 
020 |z 9780323911283 
020 |z 0323911285 
035 |a (OCoLC)1268325554 
050 4 |a QH324.2  |b .S64 2022 
082 0 4 |a 570.285  |2 23 
100 1 |a Sofi, Mohammad Yaseen. 
245 1 0 |a Bioinformatics for everyone /  |c Mohammad Yaseen Sofi, Afshana Shafi and Khalid Z. Masoodi. 
260 |a London :  |b Academic Press,  |c [2022] 
300 |a 1 online resource. 
336 |a text  |b txt  |2 rdacontent 
337 |a computer  |b c  |2 rdamedia 
338 |a online resource  |b cr  |2 rdacarrier 
588 0 |a Print version record. 
650 0 |a Bioinformatics. 
650 0 |a Computational biology. 
650 1 2 |a Computational Biology 
650 7 |a Bioinformatics.  |2 fast  |0 (OCoLC)fst00832181 
650 7 |a Computational biology.  |2 fast  |0 (OCoLC)fst00871990 
655 7 |a Electronic books.  |2 local 
700 1 |a Shafi, Afshana. 
700 1 |a Masoodi, Khalid Z. 
710 2 |a ProQuest (Firm) 
776 1 8 |i Print version:  |z 9780323911290 
776 1 8 |i Print version:  |z 0323911285  |z 9780323911283  |w (OCoLC)1243350832 
776 1 8 |i Print version:  |a SOFI, MOHAMMAD YASEEN. SHAFI, AFSHANA. MASOODI, KHALID Z.  |t BIOINFORMATICS FOR EVERYONE.  |d [S.l.] : ELSEVIER ACADEMIC PRESS, 2021  |z 0323911285  |w (OCoLC)1243350832 
856 4 0 |u https://ebookcentral.proquest.com/lib/tamucs/detail.action?docID=6726363  |z Connect to the full text of this electronic book  |t 0 
945 |b 281233 
955 |a YBP purchased DDA e-records 
980 |b ebook  |c 99990554194  |f NONFIC/S  |g 565701  |k USD  |m 234.00  |q 1  |s AcqMono Conventional  |t Demand driven acquisitions (DDA)  |u Vendor order reference number  |v ZYBP  |y PDA  |z Electronic resource 
999 f f |i 9230f739-822d-4fed-af7d-4194db30e97d  |s 4a204dbb-3398-4a8f-a3b0-16ae2c390fcb  |t 0 
952 f f |a Texas A&M University  |b College Station  |c Electronic Resources  |s www_evans  |d Available Online  |t 0  |e QH324.2 .S64 2022  |h Library of Congress classification